MARC details
| 000 -LEADER |
| fixed length control field |
02057cam a2200553Ia 4500 |
| 001 - CONTROL NUMBER |
| control field |
ocn748820651 |
| 003 - CONTROL NUMBER IDENTIFIER |
| control field |
OCoLC |
| 005 - DATE AND TIME OF LATEST TRANSACTION |
| control field |
20180529173415.0 |
| 008 - FIXED-LENGTH DATA ELEMENTS--GENERAL INFORMATION |
| fixed length control field |
110902s2010 be g bm 001 0 fre d |
| 020 ## - INTERNATIONAL STANDARD BOOK NUMBER |
| International Standard Book Number |
9782802729556 |
| Qualifying information |
(Bruylant) |
| 020 ## - INTERNATIONAL STANDARD BOOK NUMBER |
| International Standard Book Number |
2802729551 |
| Qualifying information |
(Bruylant) |
| 020 ## - INTERNATIONAL STANDARD BOOK NUMBER |
| International Standard Book Number |
9782896355471 |
| Qualifying information |
(Yvon Blais) |
| 020 ## - INTERNATIONAL STANDARD BOOK NUMBER |
| International Standard Book Number |
2896355472 |
| Qualifying information |
(Yvon Blais) |
| 035 ## - SYSTEM CONTROL NUMBER |
| System control number |
(OCoLC)748820651 |
| 040 ## - CATALOGING SOURCE |
| Original cataloging agency |
GWL |
| Language of cataloging |
eng |
| Transcribing agency |
GWL |
| Modifying agency |
GWL |
| -- |
CDX |
| -- |
ERASA |
| -- |
OCLCF |
| -- |
OCLCO |
| -- |
OCLCQ |
| 043 ## - GEOGRAPHIC AREA CODE |
| Geographic area code |
e-fr--- |
| -- |
n-cn--- |
| 049 ## - LOCAL HOLDINGS (OCLC) |
| Holding library |
TZAA |
| 050 #4 - LIBRARY OF CONGRESS CALL NUMBER |
| Classification number |
K3230 |
| Item number |
.L36 |
| 100 1# - MAIN ENTRY--PERSONAL NAME |
| Personal name |
Lantero, Caroline. |
| 245 13 - TITLE STATEMENT |
| Title |
Droit des réfugiés : entre droits de l'homme et gestion de l'immigration |
| Remainder of title |
entre droits de l'homme et gestion de l'immigration / |
| Statement of responsibility, etc |
Caroline Lantero. |
| 260 ## - PUBLICATION, DISTRIBUTION, ETC. (IMPRINT) |
| Place of publication, distribution, etc |
Bruxelles : |
| Name of publisher, distributor, etc |
Bruylant ; |
| Place of publication, distribution, etc |
[Cowansville, Québec] : |
| Name of publisher, distributor, etc |
Yvon Blais, |
| Date of publication, distribution, etc |
2010. |
| 300 ## - PHYSICAL DESCRIPTION |
| Extent |
xiii, 613 pages ; |
| Dimensions |
24 cm. |
| 490 1# - SERIES STATEMENT |
| Series statement |
Mondialisation et droit international ; |
| Volume number/sequential designation |
16 |
| 500 ## - GENERAL NOTE |
| General note |
"Préface de François Julien-Laferrière"--Cover. |
| 502 ## - DISSERTATION NOTE |
| Dissertation note |
Revision of the author's thesis (doctoral)--Université d'Auvergne, Université McGill, 2008. |
| 504 ## - BIBLIOGRAPHY, ETC. NOTE |
| Bibliography, etc |
Includes bibliographical references (pages 567-597) and index. |
| 650 #0 - SUBJECT ADDED ENTRY--TOPICAL TERM |
| Topical term or geographic name as entry element |
Réfugiés |
| 650 #0 - SUBJECT ADDED ENTRY--TOPICAL TERM |
| Topical term or geographic name as entry element |
Statut légal. |
| 650 #0 - SUBJECT ADDED ENTRY--TOPICAL TERM |
| Topical term or geographic name as entry element |
Droit d'asile. |
| 650 #0 - SUBJECT ADDED ENTRY--TOPICAL TERM |
| Topical term or geographic name as entry element |
Législation sur l'immigration. |
| 650 #0 - SUBJECT ADDED ENTRY--TOPICAL TERM |
| Topical term or geographic name as entry element |
Thèses. |
| 650 #0 - SUBJECT ADDED ENTRY--TOPICAL TERM |
| Topical term or geographic name as entry element |
Refugees |
| General subdivision |
Legal status, laws, etc. |
| Geographic subdivision |
France. |
| 650 #0 - SUBJECT ADDED ENTRY--TOPICAL TERM |
| Topical term or geographic name as entry element |
Refugees |
| General subdivision |
Legal status, laws, etc. |
| Geographic subdivision |
Canada. |
| 650 #0 - SUBJECT ADDED ENTRY--TOPICAL TERM |
| Topical term or geographic name as entry element |
Asylum, Right of |
| Geographic subdivision |
France. |
| 650 #0 - SUBJECT ADDED ENTRY--TOPICAL TERM |
| Topical term or geographic name as entry element |
Asylum, Right of |
| Geographic subdivision |
Canada. |
| 650 #0 - SUBJECT ADDED ENTRY--TOPICAL TERM |
| Topical term or geographic name as entry element |
Human rights |
| Geographic subdivision |
France. |
| 650 #0 - SUBJECT ADDED ENTRY--TOPICAL TERM |
| Topical term or geographic name as entry element |
Human rights |
| Geographic subdivision |
Canada. |
| 9 (RLIN) |
3988 |
| 650 #0 - SUBJECT ADDED ENTRY--TOPICAL TERM |
| Topical term or geographic name as entry element |
Aliens |
| Geographic subdivision |
France. |
| 9 (RLIN) |
10530 |
| 650 #0 - SUBJECT ADDED ENTRY--TOPICAL TERM |
| Topical term or geographic name as entry element |
Aliens |
| Geographic subdivision |
Canada. |
| 650 #7 - SUBJECT ADDED ENTRY--TOPICAL TERM |
| Topical term or geographic name as entry element |
Aliens. |
| Source of heading or term |
fast |
| 650 #7 - SUBJECT ADDED ENTRY--TOPICAL TERM |
| Topical term or geographic name as entry element |
Asylum, Right of. |
| Source of heading or term |
fast |
| 650 #7 - SUBJECT ADDED ENTRY--TOPICAL TERM |
| Topical term or geographic name as entry element |
Human rights. |
| Source of heading or term |
fast |
| 650 #7 - SUBJECT ADDED ENTRY--TOPICAL TERM |
| Topical term or geographic name as entry element |
Refugees |
| General subdivision |
Legal status, laws, etc. |
| Source of heading or term |
fast |
| 651 #7 - SUBJECT ADDED ENTRY--GEOGRAPHIC NAME |
| Geographic name |
Canada. |
| Source of heading or term |
fast |
| 651 #7 - SUBJECT ADDED ENTRY--GEOGRAPHIC NAME |
| Geographic name |
France. |
| Source of heading or term |
fast |
| 700 1# - ADDED ENTRY--PERSONAL NAME |
| Personal name |
Julien-Laferrière, François. |
| 9 (RLIN) |
13706 |
| 830 #0 - SERIES ADDED ENTRY--UNIFORM TITLE |
| Uniform title |
Mondialisation et droit international ; |
| Volume number/sequential designation |
16. |
| 942 ## - ADDED ENTRY ELEMENTS (KOHA) |
| Source of classification or shelving scheme |
Library of Congress Classification |
| Koha item type |
Books |